Fr. Conceicao Rodrigues College of Engineering

STATISCS (Record no. 32904)

MARC details
000 -LEADER
fixed length control field 00224nam a2200121Ia 4500
100 ## - MAIN ENTRY--PERSONAL NAME
Personal name NADAR NARAYANAN
245 ## - TITLE STATEMENT
Title STATISCS
260 ## - PUBLICATION, DISTRIBUTION, ETC.
Name of publisher, distributor, etc. P.H.I.
Date of publication, distribution, etc. 2011
366 ## - TRADE AVAILABILITY INFORMATION
Publishers's discount category 25
300 ## - PHYSICAL DESCRIPTION
Extent 438
546 ## - LANGUAGE NOTE
Language note ENGLISH
942 ## - ADDED ENTRY ELEMENTS (KOHA)
Koha item type BOOK
Holdings
Withdrawn status Lost status Damaged status Not for loan Collection Home library Current library Date acquired Source of acquisition Cost, normal purchase price Total Checkouts Full call number Barcode Date due Date last seen Date last checked out Cost, replacement price Price effective from Koha item type
        AFT Fr. Agnel's C.Rodrigues College of Engineering Fr. Agnel's C.Rodrigues- College of Engineering 17/03/2023 Book Base 221.25 1 AFT8149 15/02/2012 12/06/2023 12/06/2023 295.00   BOOK